书目信息 |
| 题名: |
结构奇巧的楼阁建筑
|
|
| 作者: | 谢宇 主编 | |
| 分册: | ||
| 出版信息: | 天津 天津科技翻译出版公司 2012 |
|
| 页数: | 152页 | |
| 开本: | 23cm | |
| 丛书名: | 建筑科普馆 | |
| 单 册: | ||
| 中图分类: | TU-881.2 , Tu | |
| 科图分类: | ||
| 主题词: | 楼阁--lou ge--建筑艺术--中国 , 建筑学 | |
| 电子资源: | ||
| ISBN: | 978-7-5433-2969-0 | |
| 000 | 00930cam 2200289 450 | |
| 001 | 2357055816 | |
| 005 | 20231109101719.30 | |
| 010 | @a978-7-5433-2969-0@dCNY35.00 | |
| 100 | @a20120329d2012 em y0chiy50 ea | |
| 101 | 0 | @achi |
| 102 | @aCN@b120000 | |
| 105 | @aa z 000yy | |
| 200 | 1 | @a结构奇巧的楼阁建筑@Ajie gou qi qiao de lou ge jian zhu@f谢宇主编 |
| 210 | @a天津@c天津科技翻译出版公司@d2012 | |
| 215 | @a152页@c彩图@d23cm | |
| 225 | 2 | @a建筑科普馆@Ajian zhu ke pu guan |
| 330 | @a本书收录了沈阳文溯阁、沈阳故宫凤凰楼、河北张家口清远楼、河北山海关澄海楼、河北正定隆兴寺大悲阁等结构奇妙的楼阁建筑。 | |
| 410 | 0 | @12001 @a建筑科普馆 |
| 606 | 0 | @a楼阁@Alou ge@x建筑艺术@y中国 |
| 606 | 0 | @a建筑学 |
| 690 | @aTU-881.2@v5 | |
| 690 | @aTu@v4 | |
| 701 | 0 | @a谢宇@Axie yu@4主编 |
| 801 | 0 | @aCN@b山东中教@c20230926 |
| 801 | 2 | @aCN@b山东中教@c20230926 |
| 801 | 2 | @aCN@b山东中教@c20230926 |
| 905 | @aBZT@dTU@e26 | |
| 结构奇巧的楼阁建筑/谢宇主编.-天津:天津科技翻译出版公司,2012 |
| 152页:彩图;23cm.-(建筑科普馆) |
| ISBN 978-7-5433-2969-0:CNY35.00 |
| 本书收录了沈阳文溯阁、沈阳故宫凤凰楼、河北张家口清远楼、河北山海关澄海楼、河北正定隆兴寺大悲阁等结构奇妙的楼阁建筑。 |
| ● |
| 相关链接 |
|
|
|
正题名:结构奇巧的楼阁建筑
索取号:TU/26
 
预约/预借
| 序号 | 登录号 | 条形码 | 馆藏地/架位号 | 状态 | 备注 |
| 1 | 2000956421 | 2000956421 | 第四书库/四28架A面4层5列/ [索取号:TU/26] | 在馆 | |
| 2 | 2000956422 | 2000956422 | 第四书库/四28架A面4层5列/ [索取号:TU/26] | 在馆 | |
| 3 | 2000956423 | 2000956423 | 第四书库/四28架A面4层5列/ [索取号:TU/26] | 在馆 | |
| 4 | 2000956424 | 2000956424 | 第四书库/四28架A面4层5列/ [索取号:TU/26] | 在馆 | |
| 5 | 2000956425 | 2000956425 | 第四书库/四28架A面4层5列/ [索取号:TU/26] | 在馆 | |
| 6 | 2000956426 | 2000956426 | 第四书库/四28架A面4层5列/ [索取号:TU/26] | 在馆 |